<?xml version="1.0" encoding="UTF-8"?>
<collection xmlns="http://www.loc.gov/MARC21/slim">
 <record>
  <leader>02864cam a2200493   4500</leader>
  <controlfield tag="001">1073791521</controlfield>
  <controlfield tag="003">DE-627</controlfield>
  <controlfield tag="005">20220803140020.0</controlfield>
  <controlfield tag="007">tu</controlfield>
  <controlfield tag="008">850101s1972    xx ||||| m    00| ||ger c</controlfield>
  <datafield tag="035" ind1=" " ind2=" ">
   <subfield code="a">(DE-627)1073791521</subfield>
  </datafield>
  <datafield tag="035" ind1=" " ind2=" ">
   <subfield code="a">(DE-576)003791521</subfield>
  </datafield>
  <datafield tag="035" ind1=" " ind2=" ">
   <subfield code="a">(DE-599)BSZ003791521</subfield>
  </datafield>
  <datafield tag="035" ind1=" " ind2=" ">
   <subfield code="a">(OCoLC)64246180</subfield>
  </datafield>
  <datafield tag="035" ind1=" " ind2=" ">
   <subfield code="a">(DE-604)807209981x</subfield>
  </datafield>
  <datafield tag="040" ind1=" " ind2=" ">
   <subfield code="a">DE-627</subfield>
   <subfield code="b">ger</subfield>
   <subfield code="c">DE-627</subfield>
   <subfield code="e">rakwb</subfield>
  </datafield>
  <datafield tag="041" ind1=" " ind2=" ">
   <subfield code="a">ger</subfield>
  </datafield>
  <datafield tag="084" ind1=" " ind2=" ">
   <subfield code="a">NR 2200</subfield>
   <subfield code="2">rvk</subfield>
   <subfield code="0">(DE-625)rvk/129193:</subfield>
  </datafield>
  <datafield tag="084" ind1=" " ind2=" ">
   <subfield code="a">NR 3500</subfield>
   <subfield code="2">rvk</subfield>
   <subfield code="0">(DE-625)rvk/129266:</subfield>
  </datafield>
  <datafield tag="084" ind1=" " ind2=" ">
   <subfield code="a">15.53</subfield>
   <subfield code="2">bkl</subfield>
  </datafield>
  <datafield tag="100" ind1="1" ind2=" ">
   <subfield code="a">Feld, Rudolf</subfield>
   <subfield code="0">(DE-588)1067835857</subfield>
   <subfield code="0">(DE-627)819531391</subfield>
   <subfield code="0">(DE-576)42696537X</subfield>
   <subfield code="4">aut</subfield>
  </datafield>
  <datafield tag="245" ind1="1" ind2="4">
   <subfield code="a">Das Städtewesen des Hunsrück-Nahe-Raumes im Spätmittelalter und in der Frühneuzeit</subfield>
   <subfield code="b">Untersuchungen zu einer Städtelandschaft</subfield>
   <subfield code="c">Rudolf Feld</subfield>
  </datafield>
  <datafield tag="264" ind1=" " ind2="1">
   <subfield code="a">Trier</subfield>
   <subfield code="c">1972</subfield>
  </datafield>
  <datafield tag="300" ind1=" " ind2=" ">
   <subfield code="a">364 S.</subfield>
   <subfield code="b">Ill., Kt.</subfield>
  </datafield>
  <datafield tag="336" ind1=" " ind2=" ">
   <subfield code="a">Text</subfield>
   <subfield code="b">txt</subfield>
   <subfield code="2">rdacontent</subfield>
  </datafield>
  <datafield tag="337" ind1=" " ind2=" ">
   <subfield code="a">ohne Hilfsmittel zu benutzen</subfield>
   <subfield code="b">n</subfield>
   <subfield code="2">rdamedia</subfield>
  </datafield>
  <datafield tag="338" ind1=" " ind2=" ">
   <subfield code="a">Band</subfield>
   <subfield code="b">nc</subfield>
   <subfield code="2">rdacarrier</subfield>
  </datafield>
  <datafield tag="502" ind1=" " ind2=" ">
   <subfield code="a">Mainz, Univ., Diss., 1971</subfield>
  </datafield>
  <datafield tag="655" ind1=" " ind2="7">
   <subfield code="a">Hochschulschrift</subfield>
   <subfield code="0">(DE-588)4113937-9</subfield>
   <subfield code="0">(DE-627)105825778</subfield>
   <subfield code="0">(DE-576)209480580</subfield>
   <subfield code="2">gnd-content</subfield>
  </datafield>
  <datafield tag="689" ind1="0" ind2="0">
   <subfield code="d">g</subfield>
   <subfield code="0">(DE-588)4089300-5</subfield>
   <subfield code="0">(DE-627)106028065</subfield>
   <subfield code="0">(DE-576)209262257</subfield>
   <subfield code="a">Hunsrück-Nahe-Gebiet</subfield>
   <subfield code="2">gnd</subfield>
  </datafield>
  <datafield tag="689" ind1="0" ind2="1">
   <subfield code="d">s</subfield>
   <subfield code="0">(DE-588)4056723-0</subfield>
   <subfield code="0">(DE-627)106153919</subfield>
   <subfield code="0">(DE-576)209118741</subfield>
   <subfield code="a">Stadt</subfield>
   <subfield code="2">gnd</subfield>
  </datafield>
  <datafield tag="689" ind1="0" ind2="2">
   <subfield code="a">z</subfield>
   <subfield code="2">gnd</subfield>
   <subfield code="a">Geschichte 1250-1700</subfield>
  </datafield>
  <datafield tag="689" ind1="0" ind2=" ">
   <subfield code="5">(DE-627)</subfield>
  </datafield>
  <datafield tag="751" ind1=" " ind2=" ">
   <subfield code="a">Mainz</subfield>
   <subfield code="0">(DE-588)4037124-4</subfield>
   <subfield code="0">(DE-627)106239201</subfield>
   <subfield code="0">(DE-576)209022329</subfield>
   <subfield code="4">uvp</subfield>
  </datafield>
  <datafield tag="787" ind1="0" ind2="8">
   <subfield code="i">Rezensiert in</subfield>
   <subfield code="a">Gross, Guido, 1925 - 2010</subfield>
   <subfield code="t">[Rezension von: Feld, Rudolf, Das Städtewesen des Hunsrück-Nahe-Raumes im Spätmittelalter und in der Frühneuzeit]</subfield>
   <subfield code="d">1973</subfield>
   <subfield code="w">(DE-627)1813101248</subfield>
  </datafield>
  <datafield tag="936" ind1="r" ind2="v">
   <subfield code="a">NR 2200</subfield>
   <subfield code="b">Allgemeines</subfield>
   <subfield code="k">Geschichte</subfield>
   <subfield code="k">Landes- und Stadtgeschichte (Allgemeine, Deutsche und Österreichische Landes- und Stadtgeschichte, Ausländische Stadtgeschichte, Geschichte der Auslanddeutschen)</subfield>
   <subfield code="k">Deutsche Landesgeschichte im Einzelnen (einschl. ehemaliger deutscher Gebiete)</subfield>
   <subfield code="k">Rheinland-Pfalz</subfield>
   <subfield code="k">Stadtgeschichte</subfield>
   <subfield code="k">Allgemeines</subfield>
   <subfield code="0">(DE-627)1271473453</subfield>
   <subfield code="0">(DE-625)rvk/129193:</subfield>
   <subfield code="0">(DE-576)201473453</subfield>
  </datafield>
  <datafield tag="936" ind1="r" ind2="v">
   <subfield code="a">NR 3500</subfield>
   <subfield code="b">Allgemeines</subfield>
   <subfield code="k">Geschichte</subfield>
   <subfield code="k">Landes- und Stadtgeschichte (Allgemeine, Deutsche und Österreichische Landes- und Stadtgeschichte, Ausländische Stadtgeschichte, Geschichte der Auslanddeutschen)</subfield>
   <subfield code="k">Deutsche Landesgeschichte im Einzelnen (einschl. ehemaliger deutscher Gebiete)</subfield>
   <subfield code="k">Niederrhein, Nordrhein-Westfalen</subfield>
   <subfield code="k">Stadtgeschichte</subfield>
   <subfield code="k">Allgemeines</subfield>
   <subfield code="0">(DE-627)1271473704</subfield>
   <subfield code="0">(DE-625)rvk/129266:</subfield>
   <subfield code="0">(DE-576)201473704</subfield>
  </datafield>
  <datafield tag="936" ind1="b" ind2="k">
   <subfield code="a">15.53</subfield>
   <subfield code="j">Nordrhein-Westfalen</subfield>
   <subfield code="x">Geschichte</subfield>
   <subfield code="q">coli-conc RVK-&gt;BK</subfield>
   <subfield code="q">https://coli-conc.gbv.de/api/mappings/d17ec87c-da91-46a5-b0b6-fc2fa6cbe462</subfield>
   <subfield code="0">(DE-627)181571595</subfield>
  </datafield>
  <datafield tag="951" ind1=" " ind2=" ">
   <subfield code="a">BO</subfield>
  </datafield>
  <datafield tag="990" ind1=" " ind2=" ">
   <subfield code="a">Hunsrück-Nahe-Gebiet</subfield>
  </datafield>
  <datafield tag="990" ind1=" " ind2=" ">
   <subfield code="a">Stadt</subfield>
  </datafield>
  <datafield tag="990" ind1=" " ind2=" ">
   <subfield code="a">Geschichte 1250-1700</subfield>
  </datafield>
  <datafield tag="991" ind1=" " ind2=" ">
   <subfield code="a">Rezensiertes Werk</subfield>
  </datafield>
  <datafield tag="999" ind1=" " ind2=" ">
   <subfield code="a">KXP-PPN1073791521</subfield>
   <subfield code="e">4570050220</subfield>
  </datafield>
 </record>
</collection>
